zpět

Detail výsledku týmu

Penzion Betty, Okounov

Datum a čas kvízu

38.5 Celkem bodů Celkový počet nahraných bodů na tomto kvízu bez doplňovacích otázek.
1. Pořadí na kvízu Konečné umístění týmu na tomto kvízu.

Zaznamenané odpovědi

# Otázka Odpověď Body Výsledky
1. Minulý týden bylo veřejnosti o... Michael Žantovský 1
2. Britský inženýr Michael Wallhe... popelnici 1
3. Doplňte název filmu, který měl... paralelními světy 0
4. 56letý politik a advokát Zdeně... Hospodářská komora (ČR) 1
5. Poměrně sledovanou událostí by... druhý 1
6. Pánové Svěrák, Smoljak a Cimrm... Bodamské jezero, řeka Rýn 1
7. Napište jméno českého národníh... Miroslav Tyrš 1
8. Historicky nejstarší postavou... 12. století (11. a 13. za půlbod) 0.5
9. Významní Češi získali od svého... C 1
10. Své místo v Českém nebi má tak... Koňský trh, Dobytčí trh 1